Resonance radiation and excited atoms / (Record no. 9480)
[ view plain ]
| 000 -LEADER | |
|---|---|
| fixed length control field | 01174cam a2200337 4500 |
| 001 - CONTROL NUMBER | |
| control field | 9480 |
| 003 - CONTROL NUMBER IDENTIFIER | |
| rucl marc code | BD-RjUL |
| 005 - DATE AND TIME OF LATEST TRANSACTION | |
| control field | 20211208234802.0 |
| 008 - FIXED-LENGTH DATA ELEMENTS--GENERAL INFORMATION | |
| fixed length control field | 140121s1934 nyua 00| 0 eng d |
| 035 ## - SYSTEM CONTROL NUMBER | |
| System control number | (OCoLC)ocm04022154 |
| System control number | (BD-RjUL)9525 |
| System control number | (NNC)3981990 |
| 040 ## - CATALOGING SOURCE | |
| Original cataloging agency | DLC |
| Transcribing agency | AZU |
| Modifying agency | SER |
| -- | BD-RjUL |
| Language of cataloging | eng |
| 041 ## - LANGUAGE CODE | |
| Language code of text/sound track or separate title | eng |
| 082 ## - DEWEY DECIMAL CLASSIFICATION NUMBER | |
| Classification number | 535.3 |
| Author mark and year | MIR 1934 |
| 100 1# - MAIN ENTRY--PERSONAL NAME | |
| Personal name | Mitchell, Allan C. G. |
| Fuller form of name | (Allan Charles Gray), |
| Dates associated with a name | 1902- |
| 9 (RLIN) | 29377 |
| 245 10 - TITLE STATEMENT | |
| Title | Resonance radiation and excited atoms / |
| Statement of responsibility, etc. | by Allan C.G. Mitchell ... and Mark W. Zemansky ... |
| 260 ## - PUBLICATION, DISTRIBUTION, ETC. (IMPRINT) | |
| Place of publication, distribution, etc. | New York, |
| Name of publisher, distributor, etc. | The Macmillan Company; |
| Place of publication, distribution, etc. | Cambridge, Eng., |
| Name of publisher, distributor, etc. | The University Press, |
| Date of publication, distribution, etc. | 1934. |
| 300 ## - PHYSICAL DESCRIPTION | |
| Pagination | xvi, 338 p. : |
| Size | 22 cm. |
| Illustrations | illus., incl. tables, diagrs. |
| 490 1# - SERIES STATEMENT | |
| Series statement | The Cambridge series of physical chemistry |
| 500 ## - GENERAL NOTE | |
| General note | Printed in Great Britain. |
| 504 ## - BIBLIOGRAPHY, ETC. NOTE | |
| Bibliography, etc | "References" at end of each chapter. |
| 650 #0 - SUBJECT ADDED ENTRY--TOPICAL TERM | |
| Topical term or geographic name as entry element | Radiation. |
| 9 (RLIN) | 29378 |
| Topical term or geographic name as entry element | Fluorescence. |
| 9 (RLIN) | 29379 |
| Topical term or geographic name as entry element | Atoms. |
| 9 (RLIN) | 25783 |
| 700 1# - ADDED ENTRY--PERSONAL NAME | |
| Personal name | Zemansky, Mark Waldo, |
| Dates associated with a name | 1900-, |
| Relator term | author. |
| 830 #0 - SERIES ADDED ENTRY--UNIFORM TITLE | |
| Uniform title | Cambridge series of physical chemistry. |
| 942 ## - ADDED ENTRY ELEMENTS (KOHA) | |
| Source of classification or shelving scheme | Dewey Decimal Classification |
| Koha item type | Books |
| Lost status | Source of classification or shelving scheme | Damaged status | Not for loan | Collection code | Permanent Location | Current Location | Shelving location | Date acquired | Source of acquisition | Cost, normal purchase price | Total Checkouts | Full call number | Date last seen | Copy number | Koha item type |
|---|---|---|---|---|---|---|---|---|---|---|---|---|---|---|---|
| Dewey Decimal Classification | Not For Loan | Non-fiction | Central Library, University of Rajshahi | Central Library, University of Rajshahi | Reading Room | 29/01/1958 | pub.blackmark | 1.15 | 535.3 MIR 1934 | 21/01/2014 | C-1 | Books |